000 01007cam a22002775i 4500
001 18871480
003 SISC
005 20160929135036.0
008 151124s2015 nju 000 0 eng
010 _a 2015958612
020 _a9781848214224
040 _aDLC
_beng
_cDLC
_erda
_dDLC
042 _apcc
050 _aTJ 163.9
_b.M211 2016
100 1 _aMagoules, Frederic.
245 1 0 _aData mining and machine learning in building energy analysis /
_cFrederic Magoules, Hai-Xiang Zha.
260 _aNew Jersey :
_bJohn Wiley & Sons, Inc.,
_c2016.
263 _a1511
300 _axiv, 164 pages :
_billustrations ;
_c24 cm.
500 _aIncludes bibliographical references and index.
856 4 2 _3Publisher description
_uhttp://www.loc.gov/catdir/enhancements/fy1608/2015958612-d.html
856 4 1 _3Table of contents only
_uhttp://www.loc.gov/catdir/enhancements/fy1608/2015958612-t.html
906 _a0
_bibc
_corignew
_d2
_eepcn
_f20
_gy-gencatlg
942 _2lcc
_cBK
999 _c305134
_d305134